000 00748nam a2200265 i 4500
001 C2-0222840
003 PPAK
005 20180728151850.0
008 000125s1998 nyua|||| ||||| | eng d
020 _a0028617444
040 _aPPAK
_beng
_cPPAK
_erda
082 0 4 _a658
_223
090 0 0 _a658
_bKLO
_dR
100 1 _aKlopp, Hap,
_eauthor
245 1 4 _aThe complete idiot's guide to business management
264 1 _aNew York :
_bAlpha Books ,
_c1998
300 _axx 268 pages :
_billustrations ;
_c23 cm
336 _2rdacontent
_atext
337 _2rdamedia
_aunmediated
338 _2rdacarrier
_avolume
500 _aIncludes index
650 1 0 _aManagement ; Leadership ; Success in business
700 _eauthor
942 _ddc
_cB
999 _c144064
_d144064